[Event "TUR Cup"]
[Site "Ankara"]
[Date "2021.12.12"]
[Round "9"]
[White "Yilmaz, Fatih"]
[Black "Kiziltas, Inanc Vefa"]
[Result "0-1"]
[WhiteElo "1294"]
[BlackElo "1869"]
[PlyCount "74"]
[EventDate "2021.12.08"]
[EventType "swiss"]
[EventRounds "9"]
[EventCountry "TUR"]
[SourceTitle "CBM 205 Extra"]
[Source "ChessBase"]
[SourceDate "2022.01.31"]
[SourceVersion "1"]
[SourceVersionDate "2022.01.31"]
[SourceQuality "1"]

1. d4 Nf6 2. Nf3 e6 3. Bf4 d5 4. e3 c5 5. Nbd2 Nc6 6. c3 Bd6 7. Bg3 Ne4 8. Nxe4 dxe4 9. Nd2 f5 10. Bxd6 Qxd6 11. Nc4 Qe7 12. dxc5 Qxc5 13. b4 Qe7 14. Nd6+ Kf8 15. Be2 g6 16. h4 h5 17. Bb5 Nd8 18. Nc4 Nf7 19. Ba4 Kg7 20. Bb3 b6 21. g3 Rd8 22. Qc1 Ba6 23. a4 Bxc4 24. Bxc4 Ne5 25. Be2 Rac8 26. 0-0 g5 27. hxg5 Qxg5 28. Kg2 h4 29. Rh1 Rh8 30. Rh3 Kf6 31. Qh1 Ng6 32. c4 f4 33. exf4 Nxf4+ 34. Kf1 Nxh3 35. Qxh3 hxg3 36. Qxg3 Qxg3 37. fxg3 Rh1+ 0-1

[Event "TUR Cup"]
[Site "Ankara"]
[Date "2021.12.11"]
[Round "5"]
[White "Ozates, Mert"]
[Black "Kiziltas, Inanc Vefa"]
[Result "0-1"]
[WhiteElo "1792"]
[BlackElo "1869"]
[PlyCount "100"]
[EventDate "2021.12.08"]
[EventType "swiss"]
[EventRounds "9"]
[EventCountry "TUR"]
[SourceTitle "CBM 205 Extra"]
[Source "ChessBase"]
[SourceDate "2022.01.31"]
[SourceVersion "1"]
[SourceVersionDate "2022.01.31"]
[SourceQuality "1"]

1. e4 d5 2. exd5 Nf6 3. Nf3 Nxd5 4. d4 Bf5 5. Bd3 Bxd3 6. Qxd3 Nc6 7. 0-0 e6 8. c4 Nf6 9. Nc3 Qd7 10. Bg5 0-0-0 11. Rfd1 Bc5 12. Ne2 Rhe8 13. Qc2 Bf8 14. Rab1 h6 15. Bxf6 gxf6 16. c5 Nb4 17. Qc4 Nd5 18. b4 e5 19. dxe5 fxe5 20. b5 Qe6 21. c6 Be7 22. Qa4 Kb8 23. cxb7 Rg8 24. Qa6 Rd6 25. b6 Rxb6 26. Rxb6 cxb6 27. Qc4 Rxg2+ 28. Kh1 Rxf2 29. Qxd5 Qxd5 30. Rxd5 Rxf3 31. Rxe5 Bc5 32. Ng3 Kxb7 33. Ne4 Kc6 34. Rh5 Bf8 35. Kg2 Ra3 36. Rf5 Rxa2+ 37. Kf3 Ra3+ 38. Kg4 a5 39. Rxf7 Bc5 40. Rf6+ Kd5 41. Ng3 Ra4+ 42. Kh5 Ra2 43. h4 Rh2 44. Rxh6 a4 45. Rh8 a3 46. Ra8 a2 47. Nf5 b5 48. Kg5 b4 49. h5 b3 50. h6 Rh1 0-1

[Event "Kirsehir Ahilik op"]
[Site "Kirsehir"]
[Date "2021.09.14"]
[Round "2"]
[White "Zeynalov, Rashad"]
[Black "Kiziltas, Inanc Vefa"]
[Result "1-0"]
[WhiteElo "2257"]
[BlackElo "1831"]
[PlyCount "67"]
[EventDate "2021.09.13"]
[EventType "swiss"]
[EventRounds "9"]
[EventCountry "TUR"]
[SourceTitle "CBM 204 Extra"]
[Source "ChessBase"]
[SourceDate "2021.11.30"]
[SourceVersion "1"]
[SourceVersionDate "2021.11.30"]
[SourceQuality "1"]

1. d4 Nf6 2. Bf4 d5 3. e3 Bf5 4. c4 c6 5. Qb3 Qb6 6. c5 Qxb3 7. axb3 Nbd7 8. h3 Bc2 9. b4 a5 10. Nc3 a4 11. Nf3 Ne4 12. Nxe4 Bxe4 13. Nd2 e5 14. dxe5 Bc2 15. Be2 b6 16. Rc1 Bb3 17. cxb6 Nxb6 18. Rxc6 Nc4 19. Nxc4 dxc4 20. Rb6 Rd8 21. 0-0 Rd2 22. Rb8+ Ke7 23. Rb7+ Kd8 24. Bg4 h6 25. e4 Rxb2 26. Be3 Bxb4 27. Bb6+ Ke8 28. Rb8+ Ke7 29. Rxh8 Rd2 30. Rb8 Rd3 31. Be3 Ba3 32. Ra1 Rxe3 33. fxe3 Bb2 34. Rxa4 1-0

[Event "TUR Cup"]
[Site "Antalya"]
[Date "2020.01.28"]
[Round "4"]
[White "Kiziltas, Inanc Vefa"]
[Black "Yilmaz, Goktan"]
[Result "0-1"]
[WhiteElo "1803"]
[BlackElo "2265"]
[PlyCount "94"]
[EventDate "2020.01.26"]
[EventType "swiss"]
[EventRounds "11"]
[EventCountry "TUR"]
[SourceTitle "CBM 194 Extra"]
[Source "ChessBase"]
[SourceDate "2020.03.31"]
[SourceVersion "1"]
[SourceVersionDate "2020.03.31"]
[SourceQuality "1"]

1. Nf3 d5 2. c4 d4 3. e3 Nc6 4. d3 e5 5. Be2 Nf6 6. 0-0 h6 7. Re1 Be7 8. a3 a5 9. h3 0-0 10. e4 Nd7 11. g4 Nc5 12. b3 Kh7 13. Nbd2 g6 14. Nf1 f5 15. exf5 gxf5 16. gxf5 Bxf5 17. Ng3 Bxh3 18. Rb1 Ne6 19. b4 axb4 20. axb4 Bxb4 21. Rxb4 Nxb4 22. Qd2 Nf4 23. Qxb4 Nxe2+ 24. Rxe2 Bg4 25. Qd2 Ra6 26. Nxe5 Bxe2 27. Qxe2 Qh4 28. Nf3 Qf6 29. Qe4+ Kh8 30. Qxd4 Qxd4 31. Nxd4 Ra1 32. Nde2 Kh7 33. Kg2 Rd8 34. d4 Rxc1 35. Nxc1 Rxd4 36. c5 Rc4 37. Nb3 Rc3 38. Na5 b5 39. Ne4 Rc2 40. Kf3 h5 41. Nc6 Rb2 42. Kf4 b4 43. Kg5 b3 44. Nd4 Rb1 45. f4 b2 46. Nd2 Rh1 47. Ne6 Rd1 0-1

[Event "Sivas op 1st"]
[Site "Sivas"]
[Date "2019.08.21"]
[Round "4"]
[White "Sabahi, Ali Can"]
[Black "Kiziltas, Inanc Vefa"]
[Result "1-0"]
[WhiteElo "1825"]
[BlackElo "1826"]
[PlyCount "95"]
[EventDate "2019.08.19"]
[EventType "swiss"]
[EventRounds "9"]
[EventCountry "TUR"]
[SourceTitle "EXT 2020"]
[Source "ChessBase"]
[SourceDate "2019.10.17"]
[SourceVersion "1"]
[SourceVersionDate "2019.10.17"]
[SourceQuality "1"]

1. d4 Nf6 2. c4 e6 3. g3 d5 4. Nf3 Be7 5. Bg2 0-0 6. 0-0 c6 7. Qc2 b6 8. Rd1 Nbd7 9. b3 Bb7 10. Nc3 Rc8 11. e4 c5 12. exd5 exd5 13. Ne1 cxd4 14. Rxd4 Bc5 15. Rd1 Ng4 16. Nd3 Qf6 17. Nxc5 Nxc5 18. Ba3 Rfd8 19. Nxd5 Bxd5 20. Bxd5 Nxb3 21. Bxf7+ Qxf7 22. axb3 Ne5 23. Qe4 Nf3+ 24. Kg2 Ng5 25. Rxd8+ Rxd8 26. Qc6 Qf5 27. Re1 h6 28. Re8+ Rxe8 29. Qxe8+ Kh7 30. Qe3 Qh3+ 31. Kg1 Qg4 32. Be7 Nf3+ 33. Kg2 Nd4 34. f3 Qd7 35. Ba3 Nf5 36. Qe2 h5 37. Bb2 Qd6 38. Qc2 g6 39. Qc3 Qd8 40. g4 Nh4+ 41. Kh3 hxg4+ 42. fxg4 Qf8 43. Kxh4 g5+ 44. Kxg5 Qh6+ 45. Kf5 Qg6+ 46. Kf4 Qd6+ 47. Kf3 Qc6+ 48. Kf2 1-0

[Event "TUR-chT Clubs"]
[Site "Konya"]
[Date "2019.07.21"]
[Round "9.4"]
[White "Kiziltas, Inanc Vefa"]
[Black "Unlu, Alp Bugra"]
[Result "1/2-1/2"]
[WhiteElo "1858"]
[BlackElo "1832"]
[PlyCount "129"]
[EventDate "2019.07.16"]
[EventType "team-swiss"]
[EventRounds "9"]
[EventCountry "TUR"]
[SourceTitle "CBM 191 Extra"]
[Source "ChessBase"]
[SourceDate "2019.09.30"]
[SourceVersion "1"]
[SourceVersionDate "2019.09.30"]
[SourceQuality "1"]
[WhiteTeam "Bitlis Dernegi"]
[BlackTeam "Manisa Yunusembre"]
[WhiteTeamCountry "TUR"]
[BlackTeamCountry "TUR"]

1. Nf3 Nf6 2. c4 e6 3. e3 d5 4. b3 Be7 5. Be2 c5 6. Bb2 Nc6 7. d4 0-0 8. 0-0 b6 9. Ne5 Bb7 10. f4 Ne4 11. Nd2 Nxe5 12. dxe5 Nxd2 13. Qxd2 dxc4 14. Qxd8 Raxd8 15. Bxc4 Rd2 16. Rf2 Rfd8 17. Bc3 R2d7 18. Re2 Be4 19. Kf2 h5 20. Rc1 Kh7 21. Bb5 Rd1 22. Rxd1 Rxd1 23. Rd2 Rh1 24. Bd3 Bh4+ 25. g3 Rxh2+ 26. Kg1 Rh1+ 27. Kf2 Rh2+ 28. Kg1 Rh1+ 29. Kf2 Bxd3 30. Rxd3 Be7 31. Rd7 h4 32. Rxe7 h3 33. g4 Rc1 34. Kg3 Rxc3 35. Kxh3 Rxe3+ 36. Kh4 Kg6 37. Rxa7 Rf3 38. Ra4 b5 39. Ra5 c4 40. Rxb5 cxb3 41. axb3 Rxf4 42. Kg3 Rd4 43. Kf3 Kg5 44. Rb7 Rf4+ 45. Ke3 Kxg4 46. b4 Rf1 47. b5 g5 48. b6 Rb1 49. Kd4 Kh3 50. Kc5 g4 51. Rxf7 g3 52. Kc6 g2 53. b7 g1Q 54. Rh7+ Kg2 55. Rg7+ Kf1 56. Rxg1+ Kxg1 57. Kc7 Kf2 58. Kd7 Rxb7+ 59. Kxe6 Ke3 60. Kf6 Ke4 61. e6 Kd5 62. e7 Rb8 63. Kf7 Kd6 64. e8Q Rxe8 65. Kxe8 1/2-1/2

[Event "TUR-chT Clubs"]
[Site "Konya"]
[Date "2019.07.20"]
[Round "7.2"]
[White "Kiziltas, Inanc Vefa"]
[Black "Cakir, Ege"]
[Result "0-1"]
[WhiteElo "1858"]
[BlackElo "1765"]
[PlyCount "94"]
[EventDate "2019.07.16"]
[EventType "team-swiss"]
[EventRounds "9"]
[EventCountry "TUR"]
[SourceTitle "CBM 191 Extra"]
[Source "ChessBase"]
[SourceDate "2019.09.30"]
[SourceVersion "1"]
[SourceVersionDate "2019.09.30"]
[SourceQuality "1"]
[WhiteTeam "Bitlis Dernegi"]
[BlackTeam "Deniz Genclik"]
[WhiteTeamCountry "TUR"]
[BlackTeamCountry "TUR"]

1. e4 g6 2. d4 Bg7 3. Nf3 d6 4. Bc4 Nf6 5. Qe2 c6 6. e5 Nd5 7. h3 0-0 8. 0-0 dxe5 9. dxe5 Qc7 10. Re1 e6 11. Bb3 Ne7 12. c4 Nd7 13. Bg5 Nc5 14. Bc2 a5 15. Bf6 b6 16. Nbd2 Ba6 17. Ng5 Nf5 18. Rac1 Nd7 19. Bxg7 Nxg7 20. Ndf3 Nc5 21. Ne4 Nxe4 22. Qxe4 Bb7 23. Qh4 c5 24. Ng5 h5 25. Be4 Nf5 26. Qf4 Bxe4 27. Nxe4 Qe7 28. Nf6+ Kg7 29. Qg5 Rh8 30. Rcd1 Ra7 31. Rd3 Nd4 32. Re4 Nc6 33. Rf4 Nd4 34. Kf1 Rd7 35. Rg3 Nf5 36. Rgf3 Rd1+ 37. Ke2 Qd8 38. Rxf5 exf5 39. Re3 Qd2+ 40. Kf3 Rf1 41. Qh4 f4 42. Ne4 Rxf2+ 43. Qxf2 Qxf2+ 44. Kxf2 fxe3+ 45. Kxe3 Rd8 46. Nc3 Rd4 47. b3 g5 0-1

[Event "TUR-chT2"]
[Site "Konya"]
[Date "2018.07.12"]
[Round "5.6"]
[White "Taskaya, Fesih"]
[Black "Kiziltas, Inanc Vefa"]
[Result "0-1"]
[WhiteElo "1658"]
[BlackElo "1696"]
[PlyCount "118"]
[EventDate "2018.07.10"]
[EventType "team-swiss"]
[EventRounds "9"]
[EventCountry "TUR"]
[SourceTitle "EXT 2019"]
[Source "ChessBase"]
[SourceDate "2018.10.10"]
[SourceVersion "1"]
[SourceVersionDate "2018.10.10"]
[SourceQuality "1"]
[WhiteTeam "Denizli Onay"]
[BlackTeam "Bitlis Dernegi"]
[WhiteTeamCountry "TUR"]
[BlackTeamCountry "TUR"]

1. e4 e5 2. Nf3 Nc6 3. Bc4 Bc5 4. c3 Nf6 5. 0-0 Nxe4 6. d4 exd4 7. cxd4 Be7 8. d5 Na5 9. Bd3 Nf6 10. Bd2 b6 11. b4 Nb7 12. Re1 0-0 13. Ne5 a5 14. bxa5 Nxa5 15. Nc3 Bb7 16. Qf3 Bb4 17. Qh3 g6 18. Rab1 Bxc3 19. Bxc3 d6 20. Nf3 Nh5 21. g4 Bc8 22. Ba1 Nb7 23. Bc2 Rxa2 24. Nd4 Qg5 25. Bf5 Bxf5 26. Nxf5 gxf5 27. Qxh5 Qxg4+ 28. Qxg4+ fxg4 29. Bf6 h5 30. Rb4 Kh7 31. Re7 Rc2 32. Kg2 Kg6 33. Rf4 b5 34. Kg3 Na5 35. Kh4 Nb3 36. Bg5 Rc4 37. Rf6+ Kg7 38. Kxh5 Rh8+ 39. Rh6 Rxh6+ 40. Bxh6+ Kf6 41. Bg5+ Kf5 42. Rxf7+ Ke4 43. Kxg4 Kd3+ 44. Kg3 Nd4 45. Be3 Ne2+ 46. Kf3 b4 47. Rf8 Nd4+ 48. Kg2 b3 49. Rb8 Kc2 50. Rb7 Ne2 51. Kf1 Nc3 52. Bc1 Nxd5 53. Ba3 Nb6 54. h4 Kb1 55. Bxd6 cxd6 56. Rxb6 Kc2 57. Rxd6 b2 58. Rb6 b1R+ 59. Rxb1 Kxb1 0-1

[Event "TUR-chT2"]
[Site "Konya"]
[Date "2018.07.11"]
[Round "3.6"]
[White "Ucucu, Salih"]
[Black "Kiziltas, Inanc Vefa"]
[Result "0-1"]
[WhiteElo "1801"]
[BlackElo "1696"]
[PlyCount "92"]
[EventDate "2018.07.10"]
[EventType "team-swiss"]
[EventRounds "9"]
[EventCountry "TUR"]
[SourceTitle "EXT 2019"]
[Source "ChessBase"]
[SourceDate "2018.10.10"]
[SourceVersion "1"]
[SourceVersionDate "2018.10.10"]
[SourceQuality "1"]
[WhiteTeam "Beyazkale Dernegi"]
[BlackTeam "Bitlis Dernegi"]
[WhiteTeamCountry "TUR"]
[BlackTeamCountry "TUR"]

1. e4 c6 2. d4 d5 3. e5 Bf5 4. h4 h6 5. Bd3 Bxd3 6. Qxd3 e6 7. Ne2 c5 8. c3 Nc6 9. a3 c4 10. Qc2 Nge7 11. Nd2 Na5 12. Nf3 Nb3 13. Rb1 Nc6 14. Ra1 Ne7 15. Nd2 Na5 16. Nf3 Nb3 17. Rb1 a5 18. Be3 Nc6 19. Nd2 Qb6 20. Nxb3 cxb3 21. Qd3 a4 22. c4 Qa6 23. Nc3 dxc4 24. Qe4 Ne7 25. 0-0 Qc6 26. Qxc6+ Nxc6 27. f4 Ne7 28. Nb5 Nd5 29. Bd2 Kd7 30. f5 Kc6 31. Nc3 Nxc3 32. Bxc3 Kd5 33. fxe6 Kxe6 34. Rbd1 Rd8 35. d5+ Rxd5 36. Rxd5 Kxd5 37. Rxf7 b5 38. Kf1 Bc5 39. Rd7+ Kc6 40. Rxg7 Rd8 41. Rg6+ Kd5 42. Rxh6 Bxa3 43. bxa3 b4 44. axb4 a3 45. e6 b2 46. Rh5+ Kd6 0-1